<?xml version="1.0" encoding="UTF-8"?>
<record
    xmlns:xsi="http://www.w3.org/2001/XMLSchema-instance"
    xsi:schemaLocation="http://www.loc.gov/MARC21/slim http://www.loc.gov/standards/marcxml/schema/MARC21slim.xsd"
    xmlns="http://www.loc.gov/MARC21/slim">

  <leader>00375nam a2200145 a 4500</leader>
  <controlfield tag="005">20140412111411.0</controlfield>
  <controlfield tag="008">070221s19uu    xx            00    eng d</controlfield>
  <datafield tag="020" ind1=" " ind2=" ">
    <subfield code="a">1-932209-12</subfield>
  </datafield>
  <datafield tag="050" ind1=" " ind2=" ">
    <subfield code="a">TR(GS 220.9</subfield>
    <subfield code="b">No66 2002</subfield>
  </datafield>
  <datafield tag="245" ind1=" " ind2=" ">
    <subfield code="a">Noah.</subfield>
  </datafield>
  <datafield tag="260" ind1=" " ind2=" ">
    <subfield code="a">Ashland Ohio,</subfield>
    <subfield code="c">2002.</subfield>
  </datafield>
  <datafield tag="650" ind1=" " ind2=" ">
    <subfield code="a">Bible stories</subfield>
  </datafield>
  <datafield tag="650" ind1=" " ind2=" ">
    <subfield code="a">Bible-History of biblical events-fiction</subfield>
  </datafield>
  <datafield tag="999" ind1=" " ind2=" ">
    <subfield code="c">105688</subfield>
    <subfield code="d">105688</subfield>
  </datafield>
  <datafield tag="952" ind1=" " ind2=" ">
    <subfield code="0">0</subfield>
    <subfield code="1">0</subfield>
    <subfield code="4">0</subfield>
    <subfield code="5">0</subfield>
    <subfield code="a">EL</subfield>
    <subfield code="b">EL</subfield>
    <subfield code="c">TR</subfield>
    <subfield code="d">2007-02-21</subfield>
    <subfield code="e">Lib. Fund</subfield>
    <subfield code="l">0</subfield>
    <subfield code="o">TR(GS 220.9 No66 2002</subfield>
    <subfield code="p">E10528</subfield>
    <subfield code="r">2014-04-12 00:00:00</subfield>
    <subfield code="w">2014-04-12</subfield>
    <subfield code="y">BK</subfield>
  </datafield>
</record>
